Szczegóły MARC21

Zagadnienia prawne transportu i ubezpieczeń : zeszyt naukowy z okazji nadania tytułu doktora honoris causa Uniwersyt etu Szczecińskiego prof. Władysławowi Górskiemu /

005 -DATA I CZAS OSTATNIEJ MODYFIKACJI [,]
    • @
    • pole kontrolne
    • 20070315155141.9
040 -Instytucja sporządzająca opis [ , ]
    • a
    • Instytucja, która sporządziła opis (NP)
    • SZCZ U
    • c
    • Instytucja, która sporządziła rekord (NP)
    • SZCZ U
041 -Język dokumentu [0, ]
    • a
    • Język tekstu (P)
    • polski
    • h
    • Język tekstu oryginalnego i/lub pośredniego (P)
    • polski
942 -Rodzaj dokumentu [ , ]
    • c
    • Rodzaj dokumentu
    • Książka
245 -Strefa tytułu i oznaczenia odpowiedzialności [0, ]
    • a
    • Tytuł
    • Zagadnienia prawne transportu i ubezpieczeń : Find
    • b
    • Ciąg dalszy tytułu (NP)
    • zeszyt naukowy z okazji nadania tytułu doktora honoris causa Uniwersyt etu Szczecińskiego prof. Władysławowi Górskiemu / Find
    • c
    • Pozostałe elementy strefy tytułu i oznaczenia odpowiedzialności (NP)
    • Uniwersytet Szczeciński. Wydział Transportu i Łączności ; [red. K. Wesołowski].
260 -Strefa adresu wydawniczego [ , ]
    • a
    • Miejsce wydania (P)
    • Szczecin :
    • b
    • Nazwa wydawcy (P)
    • Wydaw.Nauk.US,
    • c
    • Data wydania (P)
    • 1993.
300 -Strefa opisu fizycznego [ , ]
    • a
    • Określenie formy książki i/lub objętość (NP)
    • 177 s. :
    • b
    • Oznaczenie ilustracji (NP)
    • fot. :
    • c
    • Format (NP)
    • 24 cm.
080 -Uniwersalna Klasyfikacja Dziesiętna [ , ]
    • a
    • Symbol klasyfikacji
    • 342.951::351.81(082)
080 -Uniwersalna Klasyfikacja Dziesiętna [ , ]
    • a
    • Symbol klasyfikacji
    • :347.79(082)
080 -Uniwersalna Klasyfikacja Dziesiętna [ , ]
    • a
    • Symbol klasyfikacji
    • :347.763/.764(082)
080 -Uniwersalna Klasyfikacja Dziesiętna [ , ]
    • a
    • Symbol klasyfikacji
    • +929 Górski W.(082)
980 -Symbol UKD [ , ]
    • a
    • UKD
    • 342.951::351.81:347.79:347.763/.764+929 Górski W.](082)
700 -Hasło dodatkowe - nazwa osobowa [ , ]
    • a
    • Nazwa osobowa (NP)
    • Wesołowski K. Find
    • d
    • Daty biograficzne (NP)
    • red.
Status udost. Numer inwentarzowy Sygnatura Data inwentaryzacji Lokalizacja
-15Z.86900Z.869001995-07-18BG
-2T.2370 2000-04-20T
-3T.2371 2000-04-20T
-3T.2372 2000-04-20T
-3T.2373 2000-04-20T
-3T.2374 2000-04-20T
-3T.2375 2000-04-20T
-3T.2376 2000-04-20T
-3T.2377 2000-04-20T
-3T.2378 2000-04-20T
-3T.2379 2000-04-20T
-3T.2380 2000-04-20T
-3T.2381 2000-04-20T